Ethnicities of Canadian Prime Ministers - Statistics

General Stats
  • This quiz has been taken 245 times
  • The average score is 6 of 8
Answer Stats
# of PMs Ethnicity % Correct
13 English
99%
6 French
99%
1 German
97%
13 Irish
95%
13 Scottish
89%
2 Dutch
72%
1 Indonesian
5%
1 Malay
4%
No matching quizzes found
Score Distribution
Percent of People with Each Score
Percentile by Number Answered
Your Score History
You have not taken this quiz